000 00722nam a22002177a 4500
008 240625b mp ||||| |||| 00| 0 mon d
020 _a5-280-00681-5
035 _a16126
040 _aGA0182080
_brus
_cMN-UlNLM
_dMN-UlNLM
_erda
041 _arus
042 _a81486
084 _2NNA
_a84.7Кл
_bГ.21
100 _aГарсиа Маркес Г.
245 0 _aПолковнику никто не пишет:Повесть:Сто лет одинүчества Роман
264 _aМосква
_bХудожественная литература
_c1989
300 _a431х.
336 _2rdacontent
_atext
_btxt
337 _2rdamedia
_aunmediated
_bn
338 _2rdacarrier
_avolume
_bnc
942 _2NNA
_cBK
999 _c1038263
_d1038320